000 00331nam a2200133Ia 4500
005 20260328104315.0
008 260328s9999||||xx |||||||||||||| ||und||
100 _aArias, Rafael
245 0 _aMetá Fora Madrid /
_cRafael Arias
260 _bMinisterio de Fomento
300 _a210 p.
650 _aESPACIO PUBLICO
942 _cBK
999 _c11121
_d11121